000 01375nam a22002297a 4500
999 _c3032
_d3032
003 OSt
005 20230925144920.0
008 230925b ||||| |||| 00| 0 eng d
020 _a9780008364465
040 _cKH8
082 _a499.288 CAM
130 _aCambridge IGCSE™ Malay as a Foreign Language Student's Book
245 _aCambridge IGCSE™ Malay as a Foreign Language Student's Book /
_cCambridge Assessment International Education.
260 _bCollins,
_c2020.
300 _a224 pages :
_c7.56 x 0.63 x 10.43 inches.
440 _aCollins Cambridge IGCSE™
520 _aThe Student’s Book has been carefully planned around topic-based units so that language and skills are taught in context. All topics, grammar and vocabulary are mapped to the syllabus, with clear learning objectives for each unit. Cultural insight boxes also feature throughout the book, offering an insight into the culture and civilisation of Malaysia, linking language to culture to further motivate the student in the study of the language. Each unit includes practice in all four skills – reading, writing, speaking and listening – with a variety of appropriately-graded exercises offering progression within and across units.
650 _aMalay language
_vGrammar
650 _aMalay language
_vSpeaking
650 _aMalay language
_vForeign language
942 _2ddc
_cTR